Tạp chí Nghiên cứu y học = Journal of medical research Tập 112. Số 3
Nội dung: Ứng dụng kỹ thuật microsattelite DNA trong chẩn đoán trước sinh bệnh loạn dưỡng cơ Duchenne; Đặc điểm phân tử chủng enterovirus 71 phân lập ở Đắk Lắk; Kết quả phẫu thuật nổi thông túi lệ mũi nội soi; Khảo sát độ dày xương khẩu...
Guardat en:
| Format: | Llibre |
|---|---|
| Idioma: | Vietnamese |
| Publicat: |
H.
Trường Đại học Y Hà Nội
2018
|
| Matèries: | |
| Etiquetes: |
Afegir etiqueta
Sense etiquetes, Sigues el primer a etiquetar aquest registre!
|
| Thư viện lưu trữ: | Thư viện Trường Đại học Nam Cần Thơ |
|---|
| LEADER | 01209nam a2200217 4500 | ||
|---|---|---|---|
| 001 | NCT_106537 | ||
| 008 | 170928b xxu||||| |||| 00| 0 vie d | ||
| 999 | |c 5397 |d 5397 | ||
| 022 | |a 2354-080X | ||
| 041 | |a vie | ||
| 082 | 0 | 4 | |2 23rd ed. |a 610 |b T109C |
| 245 | 1 | 0 | |a Tạp chí Nghiên cứu y học |b = Journal of medical research |n Tập 112. Số 3 |c Trường Đại học Y Hà Nội |
| 260 | |a H. |b Trường Đại học Y Hà Nội |c 2018 | ||
| 310 | |a Tháng 1 kỳ | ||
| 362 | |a 7-2018 | ||
| 520 | 3 | |a Nội dung: Ứng dụng kỹ thuật microsattelite DNA trong chẩn đoán trước sinh bệnh loạn dưỡng cơ Duchenne; Đặc điểm phân tử chủng enterovirus 71 phân lập ở Đắk Lắk; Kết quả phẫu thuật nổi thông túi lệ mũi nội soi; Khảo sát độ dày xương khẩu cái tại 20 vị trí trên phim Cone Beam CT;.... | |
| 653 | |a Y đa khoa | ||
| 655 | |a Tạp chí | ||
| 942 | |2 ddc |c CR | ||
| 952 | |0 0 |1 0 |2 ddc |4 0 |6 610_000000000000000_T109C |7 0 |9 22819 |a 000001 |b 000001 |d 2022-04-05 |o 610 T109C |r 2022-04-05 |w 2022-04-05 |y CR | ||
| 980 | |a Thư viện Trường Đại học Nam Cần Thơ | ||